00642 2200205 4500001002100000005001500021035002000036007000300056008004100059020001800100082001400118084002000132100002100152245008100173250001200254260003700266300005100303700001300354600006900367INLIS00000000000011220240426081030 a0010-0424000089ta240426 0  a9786026450265 a616.306.8 a616.306.8 ERF m0 aErfandi Ekaputra1 aManjemen Stoma :bDengan Pendekatan Psikoneuroimunologi dalam paradigma baru aPertama aJakarta :bSalemba Medika,c2018 a202 :btidak berwarna ;c15 x 23 cmetidak ada0 aNursalam 4aKesehatan, pendidikan, kedokteran, keperawatan, kebidanan, stoma